000 00742nam a2200229Ii 4500
003 JO-AjNU
008 230605s9999||||xx |||||||||||||| ||und||
017 _a1977/5651
020 _a977-266-202-2
040 _aJO-AjNU
_bara
_erda
_cJO-AjNU
041 _aara
050 1 4 _aBF721.D3754.1978
100 3 _aدسوقي،كمال,
_eauthor
_915520
245 0 0 _aإدراك الكلي عند الطفل:دراسة نمو مدارك الصغار العقلية
250 _aط1
264 3 1 _aالقاهرة:مكتبة الانجلو المصرية ، 1978
300 _a364ص
336 _atext
_btxt
_2rdacontent
337 _aunmediated
_bn
_2rdamedia
338 _avolume
_bnc
_2rdacarrier
650 4 _aعلم نفس الطفولة
_915521
999 _aA4403
_c7971
_d7971